Вып. 46; Самолетостроение. Техника воздушного флота

Dades bibliogràfiques
Parent link:Самолетостроение. Техника воздушного флота: республиканский межведомственный научно-технический сборник/ Харьковский авиационный институт. Вып. 46.— , 1965-
Altres autors: Алексеев Ю. Н. (редактор)
Idioma:rus
Publicat: 1979
Matèries:
Format: MixedMaterials Llibre
KOHA link:https://koha.lib.tpu.ru/cgi-bin/koha/opac-detail.pl?biblionumber=330452

MARC

LEADER 00000nam2a2200000 4500
001 330452
005 20231102004248.0
035 |a (RuTPU)RU\TPU\book\356226 
035 |a RU\TPU\book\356224 
090 |a 330452 
100 |a 20170405d1979 k a0rusy5003 ca 
101 0 |a rus 
102 |a UA 
105 |a a z 001zy 
200 0 |a Вып. 46 
210 |d 1979 
215 |e (ил.)  |a 123, 6 с. 
320 |a Библиография в конце статей 
461 1 |0 (RuTPU)RU\TPU\book\314344  |t Самолетостроение. Техника воздушного флота  |o республиканский межведомственный научно-технический сборник  |f Харьковский авиационный институт  |v Вып. 46  |d 1965- 
606 1 |a Самолетостроение  |x Технический контроль  |2 stltpush  |3 (RuTPU)RU\TPU\subj\53607  |9 71776 
610 1 |a летательные аппараты 
610 1 |a сборники 
610 1 |a воздушный флот 
610 1 |a аэродинамика 
610 1 |a проектирование 
610 1 |a нелинейные колебания 
610 1 |a маховики 
610 1 |a энергосистемы 
610 1 |a крыло 
610 1 |a несущие свойства 
610 1 |a рабочие тела 
610 1 |a сопла 
610 1 |a форсунки 
610 1 |a тонкостенные конструкции 
610 1 |a расчеты 
610 1 |a надежность 
610 1 |a отказы 
675 |a 629.73.002  |v 3 
702 1 |a Алексеев  |b Ю. Н.  |4 340 
801 0 |a RU  |b RuMRKP  |c 19950417  |g psbo 
801 1 |a RU  |b 63413507  |c 20081011  |g PSBO 
801 2 |a RU  |b 63413507  |c 20170519  |g PSBO 
942 |c BK